LEADER 00933nam0 22002651i 450 001 UON00091297 005 20231205102511.442 100 $a20020107d1990 |0itac50 ba 101 $aeng 102 $aGB 105 $a|||| ||||| 200 1 $aGreece$fRobin Barber 210 $a6a ed 215 $aLondon$cA&C Black, 1990 768 p.$d23 cm In testa al front. 606 $aGrecia $xGuide$3UONC027931$2FI 620 $aGB$dLondon$3UONL003044 686 $aN4$cGUIDE$2A 700 1$aBARBER$bRobin$3UONV058734$0663277 712 $aBlack$3UONV245974$4650 801 $aIT$bSOL$c20260313$gRICA 899 $aSIBA - SISTEMA BIBLIOTECARIO DI ATENEO E ARCHIVIO STORICO$2UONSI 912 $aUON00091297 950 $aSIBA - SISTEMA BIBLIOTECARIO DI ATENEO E ARCHIVIO STORICO$dSI N 4 024 $eSI MC 18974 5 996 $aGreece$91304172 997 $aUNIOR